[Event "Mollet del Valles op 4th"]
[Site "Mollet del Valles"]
[Date "2016.11.18"]
[Round "8"]
[White "Nicomedes Carmona, Jose"]
[Black "Roquet Estrada, Albert"]
[Result "1/2-1/2"]
[WhiteElo "1691"]
[BlackElo "1632"]
[PlyCount "57"]
[EventDate "2016.09.30"]
[EventType "swiss"]
[EventRounds "9"]
[EventCountry "ESP"]
[SourceTitle "EXT 2018"]
[Source "ChessBase"]
[SourceDate "2017.10.13"]
[SourceVersion "1"]
[SourceVersionDate "2017.10.13"]
[SourceQuality "1"]

1. e4 e5 2. Nc3 Nf6 3. Bc4 Be7 4. Nf3 d6 5. d3 0-0 6. h3 Be6 7. Nd5 Nxd5 8. exd5 Bf5 9. 0-0 Nd7 10. Be3 Nb6 11. Bb3 Bf6 12. a3 e4 13. dxe4 Bxe4 14. Bxb6 axb6 15. c3 Qd7 16. Nh2 Bf5 17. Qf3 Rfe8 18. Rfe1 Re5 19. Ng4 Bxg4 20. hxg4 Rg5 21. Re4 Re8 22. Rae1 Rxe4 23. Rxe4 h6 24. Qe2 Re5 25. f4 Rxe4 26. Qxe4 Kf8 27. f5 Qe7 28. Bc2 Qxe4 29. Bxe4 1/2-1/2

[Event "Vall del Tenes op 5th"]
[Site "Vall del Tenes"]
[Date "2016.05.13"]
[Round "6"]
[White "Cordomi Fons, Francesco"]
[Black "Nicomedes Carmona, Jose"]
[Result "1-0"]
[WhiteElo "1857"]
[BlackElo "1724"]
[PlyCount "53"]
[EventDate "2016.04.08"]
[EventType "swiss"]
[EventRounds "8"]
[EventCountry "ESP"]
[SourceTitle "CBM 172 Extra"]
[Source "ChessBase"]
[SourceDate "2016.06.21"]
[SourceVersion "1"]
[SourceVersionDate "2016.06.21"]
[SourceQuality "1"]

1. d4 e6 2. c4 Nf6 3. Nc3 c5 4. d5 a6 5. e4 e5 6. Be2 d6 7. f4 exf4 8. Bxf4 Be7 9. e5 dxe5 10. Bxe5 Nbd7 11. Bg3 Qb6 12. Qb3 Qa5 13. Bf3 Bd8 14. Bd6 Bc7 15. Bxc7 Qxc7 16. Nge2 0-0 17. 0-0 Ne5 18. Ne4 Nxf3+ 19. Qxf3 Nxe4 20. Qxe4 Bd7 21. Qf4 Qb6 22. b3 Rae8 23. Ng3 Re7 24. Rae1 Rfe8 25. Rxe7 Rxe7 26. d6 Re8 27. Qxf7+ 1-0

[Event "Roncana op-B 9th"]
[Site "Santa Eulalia de Roncana"]
[Date "2015.10.31"]
[Round "4"]
[White "Nicomedes Carmona, Jose"]
[Black "Puigdueta Xalabarder, Antoni"]
[Result "1-0"]
[WhiteElo "1781"]
[BlackElo "1813"]
[PlyCount "73"]
[EventDate "2015.10.03"]
[EventType "swiss"]
[EventRounds "8"]
[EventCountry "ESP"]
[SourceTitle "EXT 2017"]
[Source "ChessBase"]
[SourceDate "2016.10.25"]
[SourceVersion "1"]
[SourceVersionDate "2016.10.25"]
[SourceQuality "1"]

1. e4 e6 2. Nc3 d5 3. d3 Nf6 4. Bg5 Bb4 5. e5 h6 6. Bd2 Nfd7 7. d4 c5 8. a3 cxd4 9. axb4 dxc3 10. Bxc3 Nc6 11. f4 Qb6 12. b5 Qe3+ 13. Ne2 Ne7 14. Bd4 Qe4 15. Qd3 Qxd3 16. cxd3 b6 17. g4 Bb7 18. b4 h5 19. Bh3 hxg4 20. Bxg4 Rh4 21. h3 Ng6 22. Bf2 Rh8 23. d4 Ke7 24. h4 f6 25. h5 fxe5 26. fxe5 Raf8 27. Rf1 Ngxe5 28. Bh4+ Kd6 29. Rxf8 Rxf8 30. Bg3 Ke7 31. dxe5 Ra8 32. Nd4 Nb8 33. Nxe6 Bc8 34. Bh4+ Kd7 35. Nxg7+ Kc7 36. Ne8+ Kb7 37. Nd6+ 1-0

[Event "Roncana op-B 9th"]
[Site "Santa Eulalia de Roncana"]
[Date "2015.10.24"]
[Round "3"]
[White "Garcia Torres, Adolfo"]
[Black "Nicomedes Carmona, Jose"]
[Result "0-1"]
[WhiteElo "1857"]
[BlackElo "1781"]
[PlyCount "68"]
[EventDate "2015.10.03"]
[EventType "swiss"]
[EventRounds "8"]
[EventCountry "ESP"]
[SourceTitle "EXT 2017"]
[Source "ChessBase"]
[SourceDate "2016.10.25"]
[SourceVersion "1"]
[SourceVersionDate "2016.10.25"]
[SourceQuality "1"]

1. d4 e6 2. e3 c5 3. c3 cxd4 4. cxd4 a6 5. Bd3 Nf6 6. f4 b6 7. Nf3 Bb7 8. 0-0 Nc6 9. a3 Be7 10. Nc3 Rc8 11. e4 Na5 12. b4 Rxc3 13. bxa5 Bxe4 14. Bxa6 bxa5 15. a4 0-0 16. Bd2 Rc6 17. Bb5 Rd6 18. Bc1 Qb6 19. Bb2 Bc6 20. Bxc6 Rxc6 21. Rb1 Qa7 22. Kh1 Nd5 23. Ne5 Rb6 24. Qd3 f6 25. Nc4 Rb4 26. Ra1 Rc8 27. Rfc1 Qa6 28. Ba3 Rbxc4 29. Bxe7 Nxe7 30. Qa3 Nd5 31. g3 Qc6 32. Rxc4 Qxc4 33. Kg2 Qe2+ 34. Kg1 Ne3 0-1

[Event "Roncana op-B 5th"]
[Site "Santa Eulalia de Roncana"]
[Date "2011.11.26"]
[Round "8"]
[White "Nicomedes Carmona, Jose"]
[Black "Viaplana Puigdomenech, Santi"]
[Result "1-0"]
[WhiteElo "1811"]
[BlackElo "1627"]
[PlyCount "149"]
[EventDate "2011.10.01"]
[EventType "swiss"]
[EventRounds "8"]
[EventCountry "ESP"]
[SourceTitle "EXT 2013"]
[Source "ChessBase"]
[SourceDate "2012.11.22"]
[SourceVersion "1"]
[SourceVersionDate "2012.11.22"]
[SourceQuality "1"]

1. e4 e5 2. Nc3 Nf6 3. Bc4 Nc6 4. a3 Be7 5. d3 d6 6. h3 0-0 7. Nf3 Be6 8. Nd5 Bxd5 9. exd5 Nb8 10. 0-0 Nbd7 11. Nh2 Nb6 12. Ba2 Nbxd5 13. Qf3 c6 14. Ng4 Nxg4 15. Qxg4 f5 16. Qf3 Kh8 17. Bxd5 cxd5 18. Qxd5 b6 19. Bd2 Rc8 20. Bc3 Rc5 21. Qb7 Rc7 22. Qf3 Qc8 23. Rfe1 Bf6 24. Bb4 Qd7 25. Qd5 Be7 26. c4 Qc6 27. Qxc6 Rxc6 28. b3 Bf6 29. Ra2 a5 30. Bd2 f4 31. f3 Rcc8 32. b4 a4 33. b5 Rfd8 34. Bc3 Re8 35. Bb4 Rcd8 36. Rae2 Bh4 37. Rb1 Be7 38. Bd2 Bf6 39. Bc3 Rc8 40. Bb4 Red8 41. Bc3 Rd7 42. Be1 d5 43. Rb4 Ra8 44. Bf2 d4 45. Rb1 g5 46. Rbe1 Rg8 47. Re4 Rgd8 48. R1e2 h5 49. Kh2 Rh7 50. g3 g4 51. gxf4 gxf3 52. Re1 Rg7 53. Rg1 Rxg1 54. Bxg1 exf4 55. Rxf4 Be5 56. Kg3 Bxf4+ 57. Kxf4 Rf8+ 58. Kg3 h4+ 59. Kf2 Rg8 60. Kf1 Rd8 61. Kf2 Rf8 62. Bh2 Kh7 63. Bc7 Rf6 64. Be5 Re6 65. Bxd4 Rd6 66. Be3 Kg6 67. d4 Rf6 68. c5 bxc5 69. dxc5 Kf7 70. b6 Ke6 71. b7 Rf8 72. Bf4 Kd5 73. b8Q Rxb8 74. Bxb8 Kxc5 75. Kxf3 1-0

[Event "Roncana op-B 5th"]
[Site "Santa Eulalia de Roncana"]
[Date "2011.11.12"]
[Round "6"]
[White "Nicomedes Carmona, Jose"]
[Black "Ayats Llobera, Gerard"]
[Result "1-0"]
[WhiteElo "1811"]
[BlackElo "1508"]
[PlyCount "125"]
[EventDate "2011.10.01"]
[EventType "swiss"]
[EventRounds "8"]
[EventCountry "ESP"]
[SourceTitle "EXT 2013"]
[Source "ChessBase"]
[SourceDate "2012.11.22"]
[SourceVersion "1"]
[SourceVersionDate "2012.11.22"]
[SourceQuality "1"]

1. e4 e5 2. Bc4 Bc5 3. d3 Nf6 4. Nc3 d6 5. a3 Be6 6. Nd5 c6 7. Ne3 d5 8. exd5 cxd5 9. Ba2 0-0 10. h3 Nc6 11. Ne2 Re8 12. 0-0 b5 13. b4 Bb6 14. Ng3 d4 15. Bxe6 Rxe6 16. Ng4 Nxg4 17. Qxg4 Qc8 18. Nf5 Rg6 19. Qe4 Kh8 20. Re1 Qe6 21. Bd2 Rc8 22. Nh4 Rf6 23. Bg5 a5 24. Bxf6 Qxf6 25. Rab1 axb4 26. axb4 Qe6 27. Qf5 Qe8 28. Nf3 Bc7 29. Ng5 g6 30. Qf6+ Kg8 31. Nxf7 Qxf7 32. Qxc6 e4 33. Qxe4 Qa2 34. Qe6+ Qxe6 35. Rxe6 Kf7 36. Rc6 Bh2+ 37. Kxh2 Rxc6 38. Rb2 Ke6 39. Kg3 Kf5 40. Kf3 h5 41. g4+ hxg4+ 42. hxg4+ Ke5 43. Ra2 g5 44. Ra5 Rb6 45. Ra8 Rf6+ 46. Kg3 Rb6 47. Rc8 Rd6 48. Rc5+ Rd5 49. Rxd5+ Kxd5 50. f4 gxf4+ 51. Kxf4 Ke6 52. Ke4 Kf6 53. Kxd4 Kg5 54. Ke5 Kxg4 55. c4 bxc4 56. dxc4 Kg5 57. c5 Kg6 58. Ke6 Kg7 59. Ke7 Kg6 60. c6 Kf5 61. c7 Ke5 62. c8Q Kd5 63. b5 1-0

[Event "Sabadell Coral Colon op 5th"]
[Site "Sabadell"]
[Date "2011.04.01"]
[Round "9"]
[White "Castaneda Munoz, Antonio"]
[Black "Nicomedes Carmona, Jose"]
[Result "1-0"]
[WhiteElo "1561"]
[BlackElo "1869"]
[PlyCount "103"]
[EventDate "2011.02.04"]
[EventType "swiss"]
[EventRounds "9"]
[EventCountry "ESP"]
[SourceTitle "EXT 2013"]
[Source "ChessBase"]
[SourceDate "2012.11.22"]
[SourceVersion "1"]
[SourceVersionDate "2012.11.22"]
[SourceQuality "1"]

1. d4 e6 2. Nf3 c5 3. Nc3 Nf6 4. Bg5 Be7 5. e3 a6 6. Bd3 cxd4 7. Nxd4 h6 8. Bh4 Qc7 9. 0-0 b6 10. Ne4 Bb7 11. f3 Nxe4 12. Bxe7 Ng3 13. hxg3 Kxe7 14. Qe1 Nc6 15. c3 h5 16. Rd1 Rh6 17. f4 Rah8 18. f5 e5 19. Nf3 f6 20. Nh4 Kd8 21. Ng6 R8h7 22. Qd2 Ne7 23. Nf8 Rh8 24. Ng6 e4 25. Nxh8 exd3 26. Nf7+ Kc8 27. Nxh6 gxh6 28. Qxd3 Qxg3 29. Qxd7+ Kb8 30. Qd6+ Qxd6 31. Rxd6 Nd5 32. e4 Ne3 33. Re1 Ng4 34. Rxb6 Kc7 35. Re6 Bc8 36. Re7+ Kd6 37. Re8 Bd7 38. Rd1+ Kc6 39. Rd8 Ne5 40. R8xd7 Nxd7 41. Rxd7 Kxd7 42. Kf2 Kd6 43. Ke3 Ke5 44. b4 Kd6 45. Kd4 h4 46. c4 h5 47. c5+ Kc6 48. e5 fxe5+ 49. Kxe5 Kb5 50. a3 Ka4 51. c6 Kxa3 52. c7 1-0

[Event "Roncana op 2nd"]
[Site "Santa Eulalia de Roncana"]
[Date "2008.10.25"]
[Round "4"]
[White "Viaplana Puigdomenech, Santi"]
[Black "Nicomedes Carmona, Jose"]
[Result "0-1"]
[WhiteElo "1618"]
[BlackElo "1904"]
[PlyCount "74"]
[EventDate "2008.10.04"]
[EventType "swiss"]
[EventRounds "9"]
[EventCountry "ESP"]
[SourceTitle "EXT 2011"]
[Source "ChessBase"]
[SourceDate "2010.11.26"]
[SourceVersion "1"]
[SourceVersionDate "2010.11.26"]
[SourceQuality "1"]

1. e4 c5 2. f4 e6 3. Nf3 Nf6 4. d3 Nc6 5. c3 a6 6. Be2 b6 7. 0-0 Bb7 8. Ne5 Qc7 9. Ng4 Be7 10. Nxf6+ Bxf6 11. Be3 g6 12. Nd2 0-0 13. e5 Be7 14. Ne4 f6 15. exf6 Bxf6 16. Nxf6+ Rxf6 17. Qd2 Raf8 18. b4 d6 19. a4 Ne7 20. bxc5 dxc5 21. Qb2 Nd5 22. Bd2 Nxf4 23. Bxf4 Rxf4 24. Rxf4 Rxf4 25. Qd2 Qc6 26. Bf1 e5 27. Re1 Qd5 28. Qe2 Bc6 29. Ra1 a5 30. Qd2 Bxa4 31. d4 Bc6 32. Qc1 cxd4 33. c4 Qe4 34. c5 bxc5 35. Rb1 a4 36. Qc4+ Kg7 37. Qe6 Rxf1+ 0-1

[Event "Canovelles op 11th"]
[Site "Canovelles"]
[Date "2008.03.07"]
[Round "1.10"]
[White "Nicomedes Carmona, Jose"]
[Black "Molero Tejada, Santiago"]
[Result "0-1"]
[WhiteElo "1773"]
[BlackElo "2012"]
[PlyCount "52"]
[EventDate "2008.03.07"]
[EventType "swiss"]
[EventRounds "9"]
[EventCountry "ESP"]
[SourceTitle "EXT 2024"]
[Source "ChessBase"]
[SourceDate "2023.10.10"]
[SourceVersion "1"]
[SourceVersionDate "2023.10.10"]
[SourceQuality "1"]

1. e4 d6 2. Nc3 Nf6 3. Bc4 g6 4. d3 Bg7 5. Nf3 Bg4 6. h3 Bxf3 7. Qxf3 Nc6 8. a3 Ne5 9. Qe2 Nxc4 10. dxc4 c6 11. 0-0 0-0 12. Bd2 h5 13. b3 Kh7 14. Rad1 Qc7 15. Bf4 Nd7 16. Qe3 Nc5 17. b4 Ne6 18. Bh2 a5 19. c5 Rfd8 20. Rd3 axb4 21. axb4 Be5 22. cxd6 exd6 23. Bxe5 dxe5 24. Ne2 Rxd3 25. cxd3 Kg7 26. Rd1 Rd8 0-1

[Event "Canovelles op-B"]
[Site "Canovelles"]
[Date "1999.??.??"]
[Round "2"]
[White "Fernandez Lezama, Luis"]
[Black "Nicomedes Carmona, Jose"]
[Result "1-0"]
[WhiteElo "1780"]
[BlackElo "1700"]
[PlyCount "26"]
[EventDate "1999.??.??"]
[EventType "swiss"]
[EventRounds "9"]
[EventCountry "ESP"]
[SourceTitle "EXT 2000"]
[Source "ChessBase"]
[SourceDate "1999.11.16"]
[SourceVersion "1"]
[SourceVersionDate "1999.11.16"]
[SourceQuality "1"]

1. d4 d5 2. c4 Nf6 3. Nf3 b6 4. cxd5 Nxd5 5. e4 Nf6 6. Nc3 Bb7 7. Bb5+ Nbd7 8. 0-0 Nxe4 9. Nxe4 Bxe4 10. Ne5 Bf5 11. Qf3 g6 12. Bxd7+ Qxd7 13. Nxd7 Bxd7 1-0

[Event "Canovelles op-B"]
[Site "Canovelles"]
[Date "1999.??.??"]
[Round "4"]
[White "Nicomedes Carmona, Jose"]
[Black "Esteras Sanz, Josep F"]
[Result "1-0"]
[WhiteElo "1700"]
[BlackElo "1755"]
[PlyCount "104"]
[EventDate "1999.??.??"]
[EventType "swiss"]
[EventRounds "9"]
[EventCountry "ESP"]
[SourceTitle "EXT 2000"]
[Source "ChessBase"]
[SourceDate "1999.11.16"]
[SourceVersion "1"]
[SourceVersionDate "1999.11.16"]
[SourceQuality "1"]

1. d4 Nf6 2. Nf3 d5 3. h3 g6 4. Bf4 Bg7 5. e3 Nbd7 6. Nc3 a6 7. Bd3 b5 8. b4 Bb7 9. 0-0 0-0 10. a4 c6 11. a5 Nh5 12. Bh2 h6 13. Re1 f5 14. g4 fxg4 15. hxg4 Nhf6 16. g5 Kh7 17. gxf6 Rxf6 18. Nh4 Nf8 19. Be5 Re6 20. Bxg7 Kxg7 21. Qg4 Qe8 22. Nf5+ Kh7 23. Nh4 Bc8 24. Qg2 Qf7 25. Ne2 Kg7 26. Nf4 Rf6 27. Nh5+ Kh7 28. Nxf6+ Qxf6 29. Qg3 Kg7 30. Kh2 e6 31. Rg1 g5 32. Qe5 Kf7 33. Qxf6+ Kxf6 34. Nf3 Bd7 35. Ne5 Be8 36. Be2 Ra7 37. Bg4 h5 38. Be2 Rg7 39. Rg3 g4 40. Rag1 Nh7 41. f3 Kf5 42. fxg4+ Kf6 43. Rf1+ Ke7 44. gxh5 Ng5 45. h6 Rg8 46. h7 Rh8 47. Rxg5 Rxh7+ 48. Kg2 Kd6 49. Rf8 Re7 50. Rgg8 Bd7 51. Rf7 Rxf7 52. Nxf7+ Ke7 1-0

[Event "Canovelles op-B"]
[Site "Canovelles"]
[Date "1999.??.??"]
[Round "7"]
[White "Raya Lara, David"]
[Black "Nicomedes Carmona, Jose"]
[Result "1-0"]
[WhiteElo "1905"]
[BlackElo "1700"]
[PlyCount "43"]
[EventDate "1999.??.??"]
[EventType "swiss"]
[EventRounds "9"]
[EventCountry "ESP"]
[SourceTitle "EXT 2000"]
[Source "ChessBase"]
[SourceDate "1999.11.16"]
[SourceVersion "1"]
[SourceVersionDate "1999.11.16"]
[SourceQuality "1"]

1. e4 e5 2. Nf3 Nc6 3. Bc4 Nf6 4. d4 exd4 5. 0-0 Bc5 6. e5 Ng8 7. c3 d5 8. cxd4 Nxd4 9. Nxd4 dxc4 10. Nf3 Qe7 11. Qa4+ Bd7 12. Qxc4 a6 13. Bg5 f6 14. exf6 Nxf6 15. Re1 0-0-0 16. Rxe7 Bxe7 17. Nc3 h6 18. Bh4 g5 19. Bg3 c6 20. a4 Rhe8 21. b4 b6 22. Qxa6# 1-0